[Event "World Amateur-ch"]
[Site "Thessaloniki"]
[Date "2009.04.28"]
[Round "2"]
[White "Theoharidis, Georgios"]
[Black "Serra Azul Neto, Francisco"]
[Result "1/2-1/2"]
[WhiteElo "1819"]
[BlackElo "1966"]
[PlyCount "93"]
[EventDate "2009.04.27"]
[EventType "swiss"]
[EventRounds "9"]
[EventCountry "GRE"]
[SourceTitle "CBM 130 Extra"]
[Source "ChessBase"]
[SourceDate "2009.07.02"]
[SourceVersion "2"]
[SourceVersionDate "2009.07.15"]
[SourceQuality "1"]

1. e4 e5 2. Nf3 d6 3. d4 exd4 4. Nxd4 Nf6 5. Nc3 Be7 6. Bc4 0-0 7. 0-0 Re8 8. Kh1 a6 9. f4 Nxe4 10. Bxf7+ Kxf7 11. Qh5+ Kg8 12. Nxe4 d5 13. Ng5 Bxg5 14. fxg5 Rf8 15. Bd2 c5 16. Nf3 Nc6 17. g6 hxg6 18. Qxg6 Bf5 19. Qh5 Qe8 20. Qg5 Qg6 21. Qe3 Be4 22. Qxc5 Ne5 23. Ng5 Rfc8 24. Qd4 Rxc2 25. Nxe4 Qxe4 26. Rf4 Qxd4 27. Rxd4 Nc4 28. Bg5 Re8 29. b3 Rxa2 30. Rf1 Na5 31. b4 Nc6 32. Rg4 Rf2 33. Kg1 Rxf1+ 34. Kxf1 Re4 35. Rxe4 dxe4 36. Bd2 Kf7 37. Ke2 Ke6 38. Ke3 Kd5 39. h4 g6 40. Bc3 Ne5 41. Bxe5 Kxe5 42. g4 b6 43. h5 gxh5 44. gxh5 a5 45. h6 Kf6 46. bxa5 bxa5 47. Kxe4 1/2-1/2

[Event "World Amateur-ch"]
[Site "Kallithea"]
[Date "2008.05.03"]
[Round "7"]
[White "Serra Azul Neto, Francisco"]
[Black "Dobre, Florin Iulian"]
[Result "1/2-1/2"]
[WhiteElo "1975"]
[BlackElo "1953"]
[PlyCount "112"]
[EventDate "2008.04.29"]
[EventType "swiss"]
[EventRounds "9"]
[EventCountry "GRE"]
[SourceTitle "CBM 124 Extra"]
[Source "ChessBase"]
[SourceDate "2008.07.03"]
[SourceVersion "1"]
[SourceVersionDate "2008.07.03"]
[SourceQuality "1"]

1. e4 c5 2. Nc3 g6 3. g3 Bg7 4. Bg2 d6 5. d3 e6 6. Be3 Nc6 7. Qd2 Nge7 8. Nf3 Qa5 9. 0-0 0-0 10. Bh6 Nd4 11. Nxd4 cxd4 12. Nd5 Qd8 13. Bxg7 Kxg7 14. Nxe7 Qxe7 15. f4 Bd7 16. Qb4 Kg8 17. Qxd4 Rfe8 18. Rf2 e5 19. Qe3 Bc6 20. Raf1 f6 21. fxe5 fxe5 22. Qh6 Rf8 23. Rxf8+ Rxf8 24. Rxf8+ Qxf8 25. Qxf8+ Kxf8 26. Kf2 Bd7 27. Ke3 Be6 28. d4 b6 29. dxe5 dxe5 30. Kd3 Ke7 31. Kc3 Kd6 32. Bf1 a5 33. Bc4 Bg4 34. b4 Bd1 35. bxa5 bxa5 36. Bd3 Bg4 37. Bb5 Kc5 38. Bc4 Bd1 39. Bg8 h6 40. Kd2 Bg4 41. Bh7 g5 42. Bf5 Bh5 43. Be6 Bg6 44. Kd3 Be8 45. a3 Bh5 46. Bd5 Bg4 47. Kc3 Be2 48. Kb3 Bb5 49. c4 Bd7 50. Kc3 Bg4 51. Kd3 Bd7 52. h4 Bg4 53. hxg5 hxg5 54. Ke3 Bd1 55. Kd2 Bg4 56. Kc3 Bf3 1/2-1/2

[Event "World Amateur-ch"]
[Site "Kallithea"]
[Date "2008.04.29"]
[Round "1"]
[White "Serra Azul Neto, Francisco"]
[Black "Theoharidis, Georgios"]
[Result "1-0"]
[WhiteElo "1975"]
[BlackElo "1622"]
[PlyCount "81"]
[EventDate "2008.04.29"]
[EventType "swiss"]
[EventRounds "9"]
[EventCountry "GRE"]
[SourceTitle "CBM 124 Extra"]
[Source "ChessBase"]
[SourceDate "2008.07.03"]
[SourceVersion "1"]
[SourceVersionDate "2008.07.03"]
[SourceQuality "1"]

1. d4 d5 2. Nf3 Nf6 3. g3 g6 4. Bg2 Bg7 5. 0-0 0-0 6. Nbd2 Re8 7. c4 c6 8. b3 dxc4 9. Nxc4 Be6 10. Bb2 Bd5 11. Qc2 Be4 12. Qc1 Na6 13. Ncd2 Bd5 14. Qb1 Qc8 15. e4 Be6 16. Ng5 Bd7 17. f4 h6 18. Ngf3 Bh3 19. Qd3 Bxg2 20. Kxg2 Nd7 21. Ne5 Qc7 22. Qc4 Nxe5 23. fxe5 e6 24. Rf3 Rad8 25. Raf1 Rd7 26. Qe2 c5 27. Nc4 cxd4 28. Nd6 d3 29. Rxd3 Red8 30. Rdf3 Nb4 31. Rxf7 Rxf7 32. Rxf7 Qxf7 33. Nxf7 Kxf7 34. Qf1+ Kg8 35. Qc4 Rd2+ 36. Kh3 Rxb2 37. Qxb4 Rxa2 38. Qxb7 Rb2 39. Qc8+ Kh7 40. Qxe6 Re2 41. Qc4 1-0